000 00302nam a2200145Ia 4500
100 _aWartikar/ P.N.
490 _vI
942 _cBK
654 _aApplied Mathematics
245 _aApplied Mathematics
260 _bP.V.G.Prakashan
_aPune
_c1984
300 _a924
546 _aENGLISH
999 _c32508
_d32508